[Event "ch-USA w Prelim"]
[Site "Saint Louis USA"]
[Date "2011.04.18"]
[Round "4"]
[White "Foisor, Sabina-Francesca"]
[Black "Zenyuk, Iryna"]
[Result "1-0"]
[WhiteTitle "WGM"]
[BlackTitle "CM"]
[WhiteElo "2350"]
[BlackElo "2245"]
[WhiteFideId "1212915"]
[BlackFideId "2022966"]
[EventDate "2011.04.15"]

1. d4 Nf6 2. c4 c5 3. d5 b5 4. Nd2 Qa5 5. Qc2 d6 6. e4 bxc4 7. Bxc4 g6 8. Nf3
Bg7 9. O-O O-O 10. h3 Nbd7 11. a4 Ba6 12. Ra3 Rab8 13. Nb3 Qb6 14. Bxa6 Qxa6 15.
Bd2 Nxe4 16. Qxe4 Bxb2 17. Ra2 Rxb3 18. Qxe7 Qc8 19. Qxd6 Bg7 20. Rc2 Rxf3 21.
gxf3 Ne5 22. Kg2 Nxf3 23. Qf4 Nd4 24. Rc4 Rd8 25. Rb1 Bf8 26. Rxd4 cxd4 27. Qxd4
Bc5 28. Qe5 Re8 29. Qf6 Re2 30. Be1 Qe8 31. Qf4 Bb6 32. a5 Rxe1 33. Rxe1 Qxe1
34. axb6 axb6 35. Qd4 Qe8 36. d6 Qc6+ 37. f3 Qc2+ 38. Kg3 f5 39. Qxb6 f4+ 40.
Kxf4 Qf5+ 41. Ke3 Qe5+ 42. Kd2 Kf8 43. Qd8+ Kf7 44. Qc7+ Kf8 45. Qc8+ Kf7 46.
Qc4+ Kf8 47. Qb4 Qd5+ 48. Ke2 Qe5+ 49. Kf1 Kf7 50. Qc4+ Kf8 51. Qd3 Qa1+ 52. Kg2
Qb2+ 53. Kg3 Qb8 54. Qd4 Qb5 55. Qh8+ Kf7 56. Qxh7+ Kf6 57. Qe7+ Kf5 58. Qf7+
Ke5 59. d7 1-0